书目信息 |
| 题名: |
插花与盆景
|
|
| 作者: | 袁丽伟 , 李佳琦 主编 | |
| 分册: | ||
| 出版信息: | 西安 世界图书出版西安有限公司 2018.06 |
|
| 页数: | 190页 | |
| 开本: | 26cm | |
| 丛书名: | ||
| 单 册: | ||
| 中图分类: | J525.1 , S688.1 | |
| 科图分类: | ||
| 主题词: | 插花--cha hua--装饰美术--高等学校--教材 , 盆景--pen jing--观赏园艺--高等学校--教材 | |
| 电子资源: | ||
| ISBN: | 978-7-5192-0032-9 | |
| 000 | 01005nam0 2200277 450 | |
| 001 | 0104125603 | |
| 005 | 20201104125710.0 | |
| 010 | @a978-7-5192-0032-9@dCNY68.00 | |
| 100 | @a20160805d2018 em y0chiy50 ea | |
| 101 | 0 | @achi |
| 102 | @aCN@b610000 | |
| 105 | @aa z 000yy | |
| 106 | @ar | |
| 200 | 1 | @a插花与盆景@Acha hua yu pen jing@f袁丽伟, 李佳琦主编 |
| 210 | @a西安@c世界图书出版西安有限公司@d2018.06 | |
| 215 | @a190页@c图@d26cm | |
| 300 | @a普通高等院校“十二五”规划教材 | |
| 330 | @a本书分为九章,内容包括,插画技艺,西方式传统插花制作,东方式插花制作,插画作品的鉴赏与评比,盆景的基础知识,树木盆景的制作,山石盆景的制作,盆景的养护管理,盆景的陈述宇鉴赏。 | |
| 606 | 0 | @a插花@Acha hua@x装饰美术@x高等学校@j教材 |
| 606 | 0 | @a盆景@Apen jing@x观赏园艺@x高等学校@j教材 |
| 690 | @aJ525.1@v5 | |
| 690 | @aS688.1@v5 | |
| 701 | 0 | @a袁丽伟@Ayuan li wei@4主编@c(插花) |
| 701 | 0 | @a李佳琦@Ali jia qi@4主编@c(插花) |
| 801 | 0 | @aCN@bBJSZM@c20201104 |
| 905 | @b1259241-5@dJ525.1@e546@f5 | |
| 插花与盆景/袁丽伟, 李佳琦主编.-西安:世界图书出版西安有限公司,2018.06 |
| 190页:图;26cm |
| 普通高等院校“十二五”规划教材 |
| ISBN 978-7-5192-0032-9:CNY68.00 |
| 本书分为九章,内容包括,插画技艺,西方式传统插花制作,东方式插花制作,插画作品的鉴赏与评比,盆景的基础知识,树木盆景的制作,山石盆景的制作,盆景的养护管理,盆景的陈述宇鉴赏。 |
| ● |
| 相关链接 |
|
|
|
|
正题名:插花与盆景
索取号:J525.1/546
 
预约/预借
| 序号 | 登录号 | 条形码 | 馆藏地/架位号 | 状态 | 备注 |
| 1 | 1259241 | 212592416 | 第一样本阅览室/ [索取号:J525.1/546] | 在馆 | |
| 2 | 1259242 | 212592425 | 教育系资料室/ [索取号:J525.1/546] | 在馆 | |
| 3 | 1259243 | 212592434 | 教育系资料室/ [索取号:J525.1/546] | 在馆 | |
| 4 | 1259244 | 212592443 | 第一借阅区/ [索取号:J525.1/546] | 在馆 | |
| 5 | 1259245 | 212592452 | 第一借阅区/ [索取号:J525.1/546] | 在馆 |